| 000 | 00528cam a22002171 4500 | ||
|---|---|---|---|
| 001 | ne 63000980 | ||
| 003 | DLC | ||
| 005 | 20260227111745.0 | ||
| 008 | 890509s1962 xx 000 0 ara | ||
| 010 | _ane 63000980 | ||
| 035 | _a(OCoLC)23492905 | ||
| 040 |
_aDLC _cMiU _dDLC |
||
| 042 | _apremarc | ||
| 050 | 0 | 0 |
_aB4376 _b.M5 |
| 100 | 1 | _aMīkhāʼīl, Fawzīyah. | |
| 245 | 0 | 0 | _aSūrīn Kīrkajūrd. |
| 260 | _c[1962] | ||
| 300 |
_a134 p. _c24 cm. |
||
| 500 | _aRomanized. | ||
| 600 | 1 | 0 |
_aKierkegaard, Søren, _d1813-1855. |
| 999 |
_c45883 _d45883 |
||